You can't beat the beatitudes. (Record no. 7431)

000 -LEADER
fixed length control field 00704nam a2200229 a 4500
001 - CONTROL NUMBER
control field :::00005192$&:&@@
003 - CONTROL NUMBER IDENTIFIER
control field OkBaRHE
005 - DATE AND TIME OF LATEST TRANSACTION
control field 20000607103323.0
008 - FIXED-LENGTH DATA ELEMENTS--GENERAL INFORMATION
fixed length control field s1978 j 000 0 eng u
020 ## - INTERNATIONAL STANDARD BOOK NUMBER
International Standard Book Number 0882437194
040 ## - CATALOGING SOURCE
Transcribing agency
100 1# - MAIN ENTRY--PERSONAL NAME
Personal name Wood, George O. and Krutza, William J.
245 10 - TITLE STATEMENT
Title You can't beat the beatitudes.
260 ## - PUBLICATION, DISTRIBUTION, ETC. (IMPRINT)
Place of publication, distribution, etc Springfield, MO., :
Name of publisher, distributor, etc Gospel Publishing House
Date of publication, distribution, etc c1978
300 ## - PHYSICAL DESCRIPTION
Extent 88 p. ;
Dimensions 18 cm.
490 0# - SERIES STATEMENT
Series statement Radiant books.
650 ## - SUBJECT ADDED ENTRY--TOPICAL TERM
Topical term or geographic name as entry element Beatitudes
650 ## - SUBJECT ADDED ENTRY--TOPICAL TERM
Topical term or geographic name as entry element Christian Life
General subdivision 1960-
700 ## - ADDED ENTRY--PERSONAL NAME
Personal name Krutza, William J., Joint author.
942 ## - ADDED ENTRY ELEMENTS (KOHA)
Source of classification or shelving scheme
Koha item type Books
Copies
Not for loan Damaged status Barcode Source of classification or shelving scheme Date acquired Price effective from Koha item type Permanent Location Full call number Date last seen Withdrawn status Shelving location Lost status Copy number
  5192 2010-04-142010-04-14BooksRHEMA Bible Training CollegeBT 382 .W662010-04-14 General Stacks 1